Hyper car quiz for Beginners - Statistics

General Stats
  • This quiz has been taken 138 times
  • The average score is 7 of 8
Answer Stats
Picture Answer % Correct
Bugatti
98%
Ferrari
98%
Lamborghini
95%
Mclaren
93%
Koenigsegg
83%
Porsche
82%
Aston Martin
73%
Mercedes-AMG
53%
No matching quizzes found
Score Distribution
Percent of People with Each Score
Percentile by Number Answered
Your Score History
You have not taken this quiz